Corona fúnebre : a la memoria del general Pedro Baranda /
Se publican las piezas literarias que fueron leídas en la velada que los amigos del general Pedro Baranda consagraron a su memoria.
Shranjeno v:
| Format: | Knjiga |
|---|---|
| Jezik: | španščina |
| Teme: | |
| Oznake: |
Brez oznak, prvi označite!
|
MARC
| LEADER | 00000nam^a2200000^a^4500 | ||
|---|---|---|---|
| 001 | 000132958 | ||
| 005 | 20250526000000.0 | ||
| 009 | 20260310095115.521 | ||
| 037 | |a Acervo ITESO - Biblioteca | ||
| 041 | |a ESP | ||
| 082 | |a 972. 05 |b COR | ||
| 245 | 0 | 0 | |a Corona fúnebre : |b a la memoria del general Pedro Baranda / |c J.C. Santa-Anna... [et al.]. |
| 264 | |a México : |b Tipografía de Juan S. Trujillo, |c 1891 | ||
| 300 | |a 1 v. (sin paginación) ; |c 22.5 cm. | ||
| 520 | |a Se publican las piezas literarias que fueron leídas en la velada que los amigos del general Pedro Baranda consagraron a su memoria. | ||
| 649 | |a XX | ||
| 650 | |a Militares Mexicanos - |x Homenajes | ||
| 650 | |a Políticos Mexicanos - |x Homenajes | ||
| 650 | |a México - |x Historia - |y Siglo XIX | ||
| 650 | |a Baranda y Quijano, Pedro | ||
| 910 | |a Fondo Salvador Reynoso Reynoso | ||
| 920 | |a Impresos - Libros | ||
| 930 | |a Libros Antiguos y Raros | ||
| 905 | |a 108 | ||
| 901 | |a 0800012908 |b IT2 |c LRA |u 20250526 | ||
| 902 | |a https://opac.biblio.iteso.mx/vufind/Record/000132958 | ||